Denver International Airport Direct Flights - Statistics

General Stats
  • This quiz has been taken 28 times
  • The average score is 144 of 228
Answers on the Map
Answers color-coded by a green-red scale on the quiz's map according to % correct below.
 
Answer Stats
Answers % Correct
Atlanta
96%
Dallas/Ft. Worth
96%
Dallas-Love
96%
Dublin, Ireland
96%
Honolulu/Oahu
96%
London - Heathrow, UK
96%
Mexico City/Benito Juarez
96%
Mexico City/Felipe Angeles
96%
Miami
96%
Minneapolis/St. Paul
96%
Panama City
96%
Panama City, Panama
96%
Paris, France
96%
Portland, ME
96%
Portland, OR
96%
Rome, Italy
96%
San Jose
96%
San Jose, CR
96%
Seattle/Paine Field
96%
Seattle/Tacoma
96%
Toronto
96%
Baltimore
92%
Boise
92%
Buffalo
92%
El Paso
92%
Istanbul, Turkey
92%
Memphis
92%
Montreal
92%
Nashville
92%
Nassau, Bahamas
92%
New Orleans
92%
New York - JFK
92%
New York - La Guardia
92%
San Diego
92%
San Francisco
92%
Tampa
92%
Washington - Dulles
92%
Washington - Reagan
92%
Anchorage
88%
Boston
88%
Cancun
88%
Charlotte-Douglas
88%
Colorado Springs
88%
Detroit
88%
Fairbanks
88%
Los Angeles
88%
Munich, Germany
88%
Phoenix
88%
Raleigh
88%
Reykjavik, Iceland
88%
San Antonio
88%
Santa Fe
88%
Tucson
88%
Winnipeg
88%
Zurich, Switzerland
88%
Albuquerque
83%
Calgary
83%
Chicago-Midway
83%
Chicago-O'Hare
83%
Cleveland
83%
Columbus
83%
Edmonton
83%
Frankfurt, Germany
83%
Jacksonville
83%
Kansas City
83%
Las Vegas
83%
Little Rock
83%
Orlando
83%
Philadelphia
83%
Sacramento
83%
St. Louis
83%
Tokyo - Narita
83%
Tulsa
83%
Vancouver
83%
Austin
79%
Bakersfield
79%
Charleston
79%
Cincinnati
79%
Birmingham
79%
Fargo
79%
Grand Rapids
79%
Guadalajara
79%
Indianapolis
79%
Lincoln
79%
Newark
79%
Oakland
79%
Oklahoma City
79%
Omaha
79%
Albany
75%
Bismarck
75%
Cheyenne
75%
Des Moines
75%
Fort Lauderdale
75%
Fresno
75%
Kahului/Maui
75%
Madison
75%
Milwaukee
75%
Pittsburgh
75%
Providence
75%
Salt Lake City
75%
Savannah
75%
Sioux Falls
75%
Spokane
75%
Grand Junction
71%
Hartford
71%
Kona/Hawaii
71%
Louisville
71%
Monterey
71%
Monterrey
71%
Regina
71%
Reno
71%
Richmond
71%
Amarillo
67%
Billings
67%
Cedar Rapids
67%
Dayton
67%
Eugene
67%
Helena
67%
Knoxville
67%
Lexington
67%
Lubbock
67%
Pensacola
67%
San Juan
67%
Syracuse
67%
Wichita
67%
Aspen
63%
Bozeman
63%
Chihuahua
63%
Idaho Falls
63%
Lihue/Kauai
63%
Long Beach
63%
Myrtle Beach
63%
Norfolk
63%
Pierre
63%
Rapid City
63%
San Jose del Cabo
63%
Burlington
58%
Columbia
58%
Fort Myers
58%
Houston - Intercontinental
58%
Jackson Hole
58%
Missoula
58%
Orange County
58%
Pueblo
58%
Santa Barbara
58%
Springfield
58%
Telluride
58%
Belize City, Belize
54%
Casper
54%
Shreveport
54%
St. George
54%
Vail
54%
Burbank
50%
Cody
50%
Houston - Hobby
50%
Huntsville
50%
Laramie
50%
Montego Bay, Jamaica
50%
Punta Cana, Dominican Republic
50%
Appleton
46%
Durango
46%
Greenville
46%
San Luis Obispo
46%
Sarasota
46%
Steamboat Springs
46%
Stockton
46%
Eureka
42%
Greensboro
42%
Kalispell-Glacier
42%
Liberia, Costa Rica
42%
Midland
42%
Minot
42%
Montrose
42%
Palm Springs
42%
Puerto Vallarta
42%
Redding
42%
Sheridan
42%
Sioux City
42%
Traverse City
42%
West Yellowstone
42%
Asheville
38%
Fayetteville/Springdale
38%
Grand Cayman, Cayman Islands
38%
Medford
38%
North Platte
38%
Ontario
38%
Palm Beach
38%
Peoria
38%
Butte
33%
Cozumel
33%
Devils Lake
33%
Dodge City
33%
Kearney
33%
Moab
33%
Pasco
33%
Allentown/Lehigh Valley
29%
Great Falls
29%
Alamosa
25%
Gunnison
25%
Hays
25%
Joplin
25%
Moline
25%
Prescott
25%
Redmond
25%
Rock Springs
25%
Salina
25%
Scottsbluff
25%
Williston
25%
Willmington
25%
Bishop
21%
Dickinson
21%
Gillette
21%
Jamestown
21%
North Bend
21%
Riverton
21%
Sun Valley
21%
Vernal
21%
Cortez
17%
Liberal
17%
Page
17%
Taos
17%
Watertown
17%
Alliance
13%
Hobbs
13%
McCook
13%
Roatan, Honduras
13%
Chadron
8%
Clovis
8%
No matching quizzes found
Score Distribution
Percent of People with Each Score
Percentile by Number Answered
Your Score History
You have not taken this quiz